| 000 | 00538nam a2200181Ia 4500 | ||
|---|---|---|---|
| 005 | 20250326141857.0 | ||
| 008 | 250326s9999 xx 000 0 und d | ||
| 037 | _aTextbook | ||
| 040 |
_aFMSL _beng _cFMSL |
||
| 041 |
_aeng _2eng |
||
| 084 |
_aX:8k N9 _qFMSL |
||
| 100 |
_aPaul K C _9745212 |
||
| 245 | 0 |
_aInflation accounting : With a special reference to the problems of capital erosion _cPaul K C |
|
| 260 |
_aNew Delhi _bNew Delhi, Anmol _c1989 |
||
| 300 | _a218p | ||
| 942 |
_cTB _hX:8k N9 |
||
| 999 |
_c1292407 _d1292407 |
||